| 000 | 01970nam a22003617a 4500 | ||
|---|---|---|---|
| 001 | 100401 | ||
| 003 | KnowledgeUnlatched | ||
| 005 | 20210303105311.0 | ||
| 006 | m o d | ||
| 007 | cr u|||||||||| | ||
| 008 | 210129p20142018gw o u00| u eng d | ||
| 035 | _a(OCoLC)882255535 | ||
| 037 | _5BiblioBoard | ||
| 245 | 0 | 4 |
_aThe Priority of Locomotion in Aristotle's Physics _cSebastian Odzuck. |
| 020 | _a9783666253065 | ||
| 029 | 1 | _ahttps://library.biblioboard.com/ext/api/media/ce983188-d5c0-4d84-ae1b-bee62537411f/assets/thumbnail.jpg | |
| 040 |
_aScCtBLL _cScCtBLL |
||
| 100 | 1 |
_aOdzuck, Sebastian _eauthor. |
|
| 264 | 1 | _bVandenhoeck & Ruprecht, | |
| 300 | _a1 online resource (236 p.) | ||
| 506 | 0 |
_aAccess copy available to the general public. _fUnrestricted _2star |
|
| 520 | _aThe book inquires into Aristotle’s claim that of the four kinds of change that exist, locomotion is the most fundamental and important kind. In a first step, the author shows that the arguments for the thesis of locomotion’s priority play a crucial role in the argument of Physics VIII and for the understanding of Aristotle’s philosophy of nature in general. The main focus of the book lies on the thorough and careful reconstruction and analysis of the arguments Aristotle presents in Physics VIII. | ||
| 588 | 0 | _aDescription based on print version record. | |
| 590 | _aKU Select 2016 Backlist Collection | ||
| 650 | 7 |
_aLiterary Criticism _2bisacsh |
|
| 650 | 0 |
_aLiterature _xHistory and criticism |
|
| 655 | 0 | _aElectronic books. | |
| 758 |
_iIs found in: _aKnowledge Unlatched _1https://openresearchlibrary.org/module/2774bc74-146a-484f-a7ba-ab1d6a09bbfb |
||
| 856 | 4 | 0 |
_uhttps://openresearchlibrary.org/content/ce983188-d5c0-4d84-ae1b-bee62537411f _zView this content on Open Research Library. _70 |
| 999 |
_c34106 _d34106 |
||